Management: theory and practice. / (Record no. 2975)

MARC details
000 -LEADER
fixed length control field 01101nam a22001817a 4500
008 - FIXED-LENGTH DATA ELEMENTS--GENERAL INFORMATION
fixed length control field 140610b xxu||||| |||| 00| 0 eng d
020 ## - INTERNATIONAL STANDARD BOOK NUMBER
International Standard Book Number 9781408045244
050 ## - LIBRARY OF CONGRESS CALL NUMBER
Classification number HD31.C67
100 ## - MAIN ENTRY--PERSONAL NAME
Personal name Cole, Gerald A.
245 ## - TITLE STATEMENT
Title Management: theory and practice. /
250 ## - EDITION STATEMENT
Edition statement 7th ed.
260 ## - PUBLICATION, DISTRIBUTION, ETC.
Place of publication, distribution, etc. U.K:
Name of publisher, distributor, etc. Cengage Learning,
Date of publication, distribution, etc. 2004.
300 ## - PHYSICAL DESCRIPTION
Extent xvi,608p.;
Other physical details ill.:
Dimensions 24cm.
500 ## - GENERAL NOTE
General note Includes index, glossary and appendix.
505 ## - FORMATTED CONTENTS NOTE
Formatted contents note Contents: Management theory: Introduction -- Classical theories of management -- Human relations and social psychological theories -- Theories of leadership and group behaviour -- Systems and contingency approaches to management theory -- Modern approaches to management theory -- Management in practice: The context of management -- Management planning -- Organising for management -- Control in management -- Functional management-marketing, production, personnel and financial: Marketing management -- Production management -- Personnel management -- Financial aspects of management -- Appendix -- Glossary -- Index.
700 ## - ADDED ENTRY--PERSONAL NAME
Personal name Kelly, Phil.
942 ## - ADDED ENTRY ELEMENTS (KOHA)
Source of classification or shelving scheme Library of Congress Classification
Koha item type Books
Holdings
Withdrawn status Lost status Source of classification or shelving scheme Damaged status Not for loan Home library Current library Shelving location Date acquired Total Checkouts Full call number Barcode Date last seen Copy number Price effective from Koha item type
    Library of Congress Classification     WISCONSIN INTERNATIONAL UNIVERSITY COLLEGE, GHANA - MAIN LIBRARY WISCONSIN INTERNATIONAL UNIVERSITY COLLEGE, GHANA - MAIN LIBRARY Reference 10/06/2014   HD31.C67 7367/392/13 10/06/2014 1 10/06/2014 Books

If you have any concerns or questions; kindly contact the library


© Powered by WIUC ICT DIRECTORATE